Protagonistas de la historia / (Registro nro. 13090)
[ vista simple ]
| 000 -LIDER | |
|---|---|
| fixed length control field | 00762nam a2200277 4500 |
| 001 - NÚMERO DE CONTROL | |
| Identificador de número de control | |
| 003 - IDENTIFICACDOR DE NÚMERO DE CONTROL | |
| control field | DO-SdBNP |
| 005 - DATE AND TIME OF LATEST TRANSACTION | |
| control field | 20220517105636.0 |
| 008 - ELEMENTOS DE LONGITUD FIJA | |
| fixed length control field | 140604s2004 sp 000 0 spa d |
| 020 ## - ISBN | |
| International Standard Book Number | 842399080X |
| 040 ## - FUENTE DE CATALOGACIÓN | |
| Agencia que crea de manera original el registro | BPMSU |
| Idioma de catalogación | spa |
| Agencia que realiza la transcripción | BPMSU |
| 082 ## - NÚMERO DE CLASIFICACIÓN DECIMAL DE DEWEY | |
| Classification number | R923 |
| Edition number | P962p 2004 |
| Item number | 22 |
| 100 ## - ASIENTO PRINCIPAL -- NOMBRE PERSONAL | |
| Nombre personal | Pro Ruiz, Juan. |
| 245 ## - MENCIÓN DE TITULO | |
| Título | Protagonistas de la historia / |
| Mención de responsabilidad | Juan Pro ; prólogo de Miguel Artola. |
| 246 14 - VARIACION DEL TÍTULO | |
| Título propiamente dicho o título corto | Espasa Siglo XXI |
| 260 ## - PUBLICACIÓN, DISTRIBUCIÓN, ETC. (PIE DE IMPRENTA) | |
| Lugar de publicación, distribución, etc | Barcelona : |
| Nombre del editor, distribuidor, etc. | Espasa. |
| Fecha de publicación, distribución, etc | 2004 |
| 300 ## - DESCRIPCIÓN FÍSICA | |
| Extensión | xv, 769 p. ; |
| Dimensiones | 25 cm. |
| 500 ## - NOTA GENERAL | |
| Nota general | Incluye índice. |
| 650 #4 - ENCABEZAMIENTO DE MATERIA--TEMÁTICO | |
| Término temático o nombre geográfico como elemento de entrada | Personajes |
| Subdivisión de forma | Biografías. |
| 650 #4 - ENCABEZAMIENTO DE MATERIA--TEMÁTICO | |
| Término temático o nombre geográfico como elemento de entrada | Biografías |
| Subdivisión de forma | Diccionarios. |
| 700 1# - ASIENTO SECUNDARIO -- NOMBRE PERSONAL | |
| Nombre personal | Villar Rodríguez, Cecilia, |
| Mención de responsabilidad | editora |
| 710 2# - ASIENTO SECUNDARIO -- NOMBRE CORPORATIVO | |
| Término de relación | Espasa |
| 852 ## - LOCALIZACIÓN | |
| Número de copia | 1 |
| 910 ## - VALIDACIÓN | |
| Validación | VMateo V. |
| 942 ## - ADDED ENTRY ELEMENTS (KOHA) | |
| Source of classification or shelving scheme | Dewey Decimal Classification |
| Koha item type | Libros |
| Withdrawn status | Lost status | Source of classification or shelving scheme | Damaged status | Not for loan | Collection code | Home library | Current library | Date acquired | Full call number | Barcode | Date last seen | Price effective from | Koha item type |
|---|---|---|---|---|---|---|---|---|---|---|---|---|---|
| Dewey Decimal Classification | Colección de Referencia General | Biblioteca Pública Metropolitana Salomé Ureña | Biblioteca Pública Metropolitana Salomé Ureña | 11/24/2017 | BPMSU CGR R923 P962p 2004 | BPMSU17110423 | 11/24/2017 | 11/24/2017 | Libros |